Alles mit R - Geografie - Statistiken

Allgemein
  • Dieses Quiz wurde 259 mal gespielt
  • Das Durchschnittsergebnis liegt bei 16 aus 28
Antwortstatistiken
Hint Antwort % Korrekt
Ruanda
95%
Russland
92%
Fluss in Europa Rhein
90%
Rumänien
90%
größter Hafen Europas Rotterdam
88%
Regensburg
78%
Mittelgebirge (Bayern, Hessen, Thüringen) Rhön
76%
Meer zwischen Afrika und Asien Rotes Meer
76%
einziger US-Bundesstaat mit R Rhode Island
70%
Rom
70%
Riga
68%
Rostock
66%
Gebirge in Nordamerika Rocky Mountains
61%
Fluss in Europa Rhone
57%
Riad
57%
Reykjavik
54%
Reutlingen
46%
russische Stadt am Don, Tor zum Kaukasus Rostow
46%
Fluss in den USA Rio Grande
45%
französische Stadt in der Champagne mitberühmter Kathedrale Reims
44%
Recklinghausen
43%
Remscheid
39%
Hauptstädte Rabat
37%
Gebirge zwischen Polen und Tschechien Riesengebirge
34%
Mittelgebirge (Hessen, NRW) Rothaargebirge
33%
Länder Republik Kongo
23%
Roseau
20%
Fluss in Südamerika Rio Negro
14%
Keine übereinstimmenden Quizze gefunden
Verteilung der Resultate
Anzahl Personen mit jedem Resultat
Perzentil nach korrekt beantworteten Fragen
Ihre Resultats-Entwicklung
Sie haben dieses Quiz noch nicht gespielt